000 00530nam a2200193Ia 4500
005 20260120130347.0
008 008 260114s9999 xx 000 0 eng d
020 _a9780191713729
037 _aEBOOK
040 _aCRL
_beng
_cCRL
041 _aeng
_2eng
084 _qCRL
100 _aAlbert
_9914088
245 0 _aParsimony, Phylogeny, and Genomics
260 _bOxford University PressOxford University Press
_c2007
856 _uhttps://academic.oup.com/book/5023
942 _cEBOOK
999 _c1505991
_d1505991